Revitalizácia mestského bloku v Lisabone

Enregistré dans:
Détails bibliographiques
Auteur principal: Kiaba, Marián (Auteur)
Autres auteurs: Pilař, Pavol (Directeur de thèse)
Format: Manuscrit Livre
Langue:slovaque
Publié: 2023
Sujets:
Accès en ligne:http://is.stuba.sk/zp/portal_zp.pl?podrobnosti=162140
https://opac.crzp.sk/?fn=detailBiblioForm&sid=C0DEB8E07572332BA8230315805F
Tags: Ajouter un tag
Pas de tags, Soyez le premier à ajouter un tag!

MARC

LEADER 00000ntm a22000003a 4500
001 stuzp93656
003 SK-STU
005 20230919095221.8
007 ta
008 150427s2015----xo-----f-mn---000-0-slo-d
040 |a STU  |b slo 
041 0 |a slo 
100 1 |a Kiaba, Marián  |u 010310  |4 aut  |U SvF Stavebná fakulta  |T SvF Katedra architektúry  |X 87314  |U V181|V310  |Y 19  |7 87314 
242 0 1 |a Revitalization of a city block in Lisbon  |y eng 
245 1 0 |a Revitalizácia mestského bloku v Lisabone 
260 |c 2023 
650 4 |a Architektúra  |2 slo 
650 4 |a Rezidencia  |2 slo 
650 4 |a Parametrická architektúra  |2 slo 
650 4 |a Architektonické simulácie  |2 slo 
650 4 |a Videotéka  |2 slo 
650 4 |a Lisabon  |2 slo 
650 4 |a Lisbon  |2 eng 
650 4 |a Architecture  |2 eng 
650 4 |a Video library  |2 eng 
650 4 |a Residence  |2 eng 
650 4 |a Parametric architecture  |2 eng 
650 4 |a Architectural simulations  |2 eng 
700 1 |a Pilař, Pavol  |u 010310  |k Z1  |4 ths  |U SvF Stavebná fakulta  |T SvF Katedra architektúry  |X 59136  |U V181|V310  |Y 19  |7 A000059136 
856 4 |u http://is.stuba.sk/zp/portal_zp.pl?podrobnosti=162140 
856 4 |u https://opac.crzp.sk/?fn=detailBiblioForm&sid=C0DEB8E07572332BA8230315805F